00664nam a2200169 i 450000100060000000300090000600500170001500700030003200800410003511100710007624500950014726000510024230000300029385200320032399900170035595201220037246611ES-MaACL20230906161422.0t|030331s1971 sp ||||1| spa d2 aCongreso Nacional de Pediatría (n12º. d1968. cMálaga)955610aXII Congreso Nacional de Pediatría b: Málaga, 1968 : libro de actas y comunicaciones. a[Granada : bs.n., c1971] (fGráf. del Sur) a319 p. : bil. ; c25 cm. aES-MaACLjC-41282 bR.76609 c46611d46611 00104070aATENEOMbATENEOMcDEPO2d2008-01-17eSCl0oC-41282p1049021r2023-02-23 00:00:00w2023-02-23yMONOGRAFIA